Normal view MARC view
  • GADGIL. MR. GAURAV G

Entry Personal Name

Number of records used in: 1

001 - CONTROL NUMBER

  • control field: 8733

003 - CONTROL NUMBER IDENTIFIER

  • control field: JRU

005 - DATE AND TIME OF LATEST TRANSACTION

  • control field: 20251117174225.0

008 - FIXED-LENGTH DATA ELEMENTS

  • fixed length control field: 251117|| aca||aabn | a|a d

040 ## - CATALOGING SOURCE

  • Original cataloging agency: JRU
  • Transcribing agency: JRU

100 ## - HEADING--PERSONAL NAME

  • Personal name: GADGIL. MR. GAURAV G

670 ## - SOURCE DATA FOUND

  • Source citation: Work cat.: (JRU)8905: GADGIL. MR. GAURAV G., A CONCISE BOOK OF BIOCHEMISTRY : FOR B. PHARMA AND GPAT EXAMINATION, 2025